000 00931nam a22002057a 4500
999 _c18051
_d18051
003 AR-CdUCM
008 190511b ||||| |||| 00| 0 spa d
040 _aMUNICIPALIDAD PROVINCIAL DEL CUSCO
_cBIBLIOTECA MUNICIPAL DEL CUSCO
082 _a370.985 /
_bS17
100 _aSalas Rodríguez, J. Wilbert
_92141
245 _aVía crucis de las reformas de la educación Peruana /
260 _aCusco :
_bLos Andes,
_c1970.
300 _a174 páginas ;
_c22 cm.
505 _aContenido: Constitución de 1823 -- Reglamento General de Instrucción Pública de 1850 -- Reglamento de Instrucción Pública de 1855 -- Reforma Escalante de 1930 -- Plan de educación Nacional de 1950 -- Reforma de la Educación secundaria de 1957 -- Informe General de la Reforma de la Educación Peruana.
650 _aEducación
_9460
650 _aPerú
_935
650 _aReforma educativa
_94128
942 _2ddc
_cLIBROS
945 _aacv
_d2019-05-11